000 00437pab a2200169 454500
008 180718b2007 xxu||||| |||| 00| 0 eng d
100 _aHoodbhoy, Pervez
245 _aJinnah and the Islamic state: setting the record straight
260 _c2007
300 _ap.3300-303.
362 _a17 Aug
650 _aJinnah, Mohammed Ali
650 _aIslamic law
773 _aEconomic and Political Weekly
908 _aN
909 _a75494
999 _c75494
_d75494